Highest rated football players of each country in EA FC 26 - Statistics

General Stats
  • This quiz has been taken 124 times
  • The average score is 25 of 29
Answer Stats
Country Rating Player % Correct
France 91 Kylian Mbappé
97%
Egypt 91 Mohamed Salah
97%
Norway 90 Erling Haaland
95%
England 90 Jude Bellingham
94%
Brazil 89 Raphinha / Alisson / Vini Jr.
94%
Georgia 87 Khvicha Kvaratskhelia
93%
Poland 88 Robert Lewandowski
93%
Netherlands 90 Virgil van Dijk
93%
Morocco 89 Achraf Hakimi
92%
South Korea 85 Heung Min Son
92%
Germany 89 Joshua Kimmich / Florian Wirtz
92%
Argentina 88 Lautaro Martínez
90%
Belgium 89 Thibaut Courtois
90%
Sweden 88 Alexander Isak
88%
Slovenia 88 Jan Oblak
88%
Italy 89 Gianluigi Donnarumma
87%
Nigeria 87 Victor Osimhen
87%
Uruguay 89 Federico Valverde
86%
Scotland 85 Scott Mctominay
86%
Ecuador 87 Moisés Caicedo
85%
Spain 90 Rodri
81%
Portugal 89 Vitinha
80%
Turkey 86 Hakan Çalhanoğlu
78%
Czech Republic 85 Patrik Schick
77%
Guinea 87 Serhou Guirassy
76%
Switzerland 87 Yann Sommer
76%
Colombia 85 Luis Díaz
75%
Hungary 85 Péter Gulácsi
66%
Cameroon 85 Bryan Mbeumo
60%
No matching quizzes found
Score Distribution
Percent of People with Each Score
Percentile by Number Answered
Your Score History
You have not taken this quiz